A spirituality of listening : (Record no. 20934)

MARC details
000 -LEADER
fixed length control field 01262cam a2200325 i 4500
001 - CONTROL NUMBER
control field 18823629
003 - CONTROL NUMBER IDENTIFIER
control field OSt
005 - DATE AND TIME OF LATEST TRANSACTION
control field 20251205135002.0
008 - FIXED-LENGTH DATA ELEMENTS--GENERAL INFORMATION
fixed length control field 151020s2016 ilu 001 0 eng
010 ## - LIBRARY OF CONGRESS CONTROL NUMBER
LC control number 2015040189
020 ## - INTERNATIONAL STANDARD BOOK NUMBER
International Standard Book Number 9780830846092
Qualifying information pbk. : alk. paper
035 ## - SYSTEM CONTROL NUMBER
System control number 18823629
040 ## - CATALOGING SOURCE
Original cataloging agency DLC
Language of cataloging eng
Transcribing agency DLC
Description conventions rda
Modifying agency DLC
042 ## - AUTHENTICATION CODE
Authentication code pcc
050 00 - LIBRARY OF CONGRESS CALL NUMBER
Classification number BV4647.L56
Item number A53 2016
082 00 - DEWEY DECIMAL CLASSIFICATION NUMBER
Classification number 231.7
Edition number 23
100 1# - MAIN ENTRY--PERSONAL NAME
Personal name Anderson, Keith,
Dates associated with a name 1949-
Relator term author.
245 12 - TITLE STATEMENT
Title A spirituality of listening :
Remainder of title living what we hear /
Statement of responsibility, etc. Keith R. Anderson ; foreword by Dan B. Allender.
264 #1 - PRODUCTION, PUBLICATION, DISTRIBUTION, MANUFACTURE, AND COPYRIGHT NOTICE
Place of production, publication, distribution, manufacture Downers Grove, Illinois :
Name of producer, publisher, distributor, manufacturer IVP Books, an imprint of InterVarsity Press,
Date of production, publication, distribution, manufacture, or copyright notice [2016]
300 ## - PHYSICAL DESCRIPTION
Extent 201 pages ;
Dimensions 21 cm
336 ## - CONTENT TYPE
Content type term text
Content type code txt
Source rdacontent
337 ## - MEDIA TYPE
Media type term unmediated
Media type code n
Source rdamedia
338 ## - CARRIER TYPE
Carrier type term volume
Carrier type code nc
Source rdacarrier
500 ## - GENERAL NOTE
General note Includes index.
650 #0 - SUBJECT ADDED ENTRY--TOPICAL TERM
Topical term or geographic name as entry element Listening
General subdivision Religious aspects
-- Christianity.
776 08 - ADDITIONAL PHYSICAL FORM ENTRY
Relationship information Online version:
Main entry heading Anderson, Keith, 1949-
Title Spirituality of listening
Place, publisher, and date of publication Downers Grove : InterVarsity Press, 2016
International Standard Book Number 9780830899203
Record control number (DLC) 2015041773
906 ## - LOCAL DATA ELEMENT F, LDF (RLIN)
a 7
b cbc
c orignew
d 1
e ecip
f 20
g y-gencatlg
942 ## - ADDED ENTRY ELEMENTS (KOHA)
Source of classification or shelving scheme Library of Congress Classification
Koha item type General Collection
Holdings
Withdrawn status Lost status Source of classification or shelving scheme Not for loan Home library Current library Shelving location Date acquired Source of acquisition Inventory number Total Checkouts Full call number Barcode Date last seen Copy number Price effective from Koha item type
    Library of Congress Classification   Kabarak, Main Campus Kabarak, Main Campus General Stacks 05/12/2025 Donation 2025/2337   BV4647.L56 A53 2016 C.1 39363 05/12/2025 C.1 05/12/2025 General Collection
Designed with assistance from East African Informatics Ltd